000 00436cam a2200181ua 4500
001 9138
008 150221n ii |||gr||||Z||||||asm
040 _cMAIN
041 _aasm
082 _a320
100 _aChakrabarty, A.,
_eTranslator.
245 1 _aSamsamoyik biswa rajniti
_cTranslated by A. Chakrabarty
250 _a1st.
260 _aGuwahati:
_bAssam,
_c2011.
300 _a150p.
653 _aPolitical science
942 _cBK
999 _c8210
_d8210